[Event "Unna Open 2023"]
[Site "Unna"]
[Date "2023.12.27"]
[Round "2.22"]
[White "Bilau, Max"]
[Black "Alberts, Kai"]
[Result "1-0"]
[WhiteElo "1553"]
[BlackElo "1907"]
[PlyCount "75"]
[EventDate "2023.12.??"]
[EventType "swiss"]
[EventRounds "7"]
[EventCountry "GER"]
[Tiebreak "Progressive score"]
[SourceVersionDate "2023.12.27"]

1. d4 Nf6 2. c4 g6 3. Nc3 Bg7 4. e4 d6 5. Be2 O-O 6. Bg5 e5 7. dxe5 dxe5 8.
Qxd8 Rxd8 9. Nd5 Nbd7 10. Rd1 Rf8 11. Nxc7 Rb8 12. f3 h6 13. Bh4 g5 14. Bf2 b6
15. g4 Nc5 16. h4 Rb7 17. Nd5 Ne6 18. Nh3 gxh4 19. Bxh4 Nxd5 20. cxd5 Nd4 21.
Rc1 Bd7 22. Kf2 b5 23. Bd3 a5 24. Ng1 b4 25. Ne2 Nb5 26. Be7 Re8 27. Bc5 Nc7
28. Be3 b3 29. a3 Kh7 30. Bxh6 Bxh6 31. g5 Nb5 32. Rxh6+ Kg7 33. Bxb5 Bxb5 34.
Ng3 Bd7 35. Nh5+ Kf8 36. Nf6 Rd8 37. Rh8+ Ke7 38. d6+ 1-0

[Event "Unna Open 2023"]
[Site "Unna"]
[Date "2023.12.27"]
[Round "2.23"]
[White "Deysenroth, Gerald"]
[Black "Brieger, Sebastian"]
[Result "0-1"]
[WhiteElo "1236"]
[BlackElo "1891"]
[PlyCount "70"]
[EventDate "2023.12.??"]
[EventType "swiss"]
[EventRounds "7"]
[EventCountry "GER"]
[Tiebreak "Progressive score"]
[SourceVersionDate "2023.12.27"]

1. c4 c6 2. g3 d5 3. b3 Nf6 4. Bg2 e5 5. e3 Bd6 6. Ne2 O-O 7. O-O Re8 8. Bb2
Be6 9. cxd5 cxd5 10. h3 Nc6 11. a3 Rc8 12. d3 a6 13. Nd2 Nd7 14. d4 e4 15. Nf4
Nf8 16. Nxe6 Nxe6 17. Kh2 Qg5 18. Bc1 Ne7 19. Qg4 Qh6 20. Re1 f5 21. Qd1 g5 22.
Kg1 f4 23. Qg4 f3 24. Bf1 Qg6 25. h4 h5 26. Qh3 gxh4 27. Nxe4 dxe4 28. d5 Nf5
29. dxe6 hxg3 30. Bc4 b5 31. Bd5 gxf2+ 32. Kxf2 Rc2+ 33. Kf1 Ng3+ 34. Qxg3 Qxg3
35. e7+ Kh8 0-1

[Event "Unna Open 2023"]
[Site "Unna"]
[Date "2023.12.27"]
[Round "2.25"]
[White "Schuh, Dirk"]
[Black "Greiving, Leonard Simon"]
[Result "1-0"]
[WhiteElo "2365"]
[BlackElo "1535"]
[PlyCount "91"]
[EventDate "2023.12.??"]
[EventType "swiss"]
[EventRounds "7"]
[EventCountry "GER"]
[Tiebreak "Progressive score"]
[SourceVersionDate "2023.12.27"]

1. c4 Nf6 2. Nf3 c6 3. Nc3 d5 4. e3 e6 5. b3 Bd6 6. Bb2 Nbd7 7. Qc2 b6 8. cxd5
exd5 9. d4 Qc7 10. Bd3 Bb7 11. O-O O-O 12. Rac1 Rac8 13. Qe2 Qb8 14. Ba6 Rfe8
15. Rc2 Nf8 16. Rfc1 Ne6 17. Nb1 Rc7 18. Bxb7 Qxb7 19. Ba3 Bxa3 20. Nxa3 Ne4
21. Nb1 Nd6 22. Nc3 f5 23. Qd2 Ne4 24. Qd3 Nd6 25. g3 g6 26. Ne5 Nf7 27. Nf3
Nd6 28. Ne2 Nf8 29. Nf4 Nd7 30. Nxd5 Rcc8 31. Nf4 Ne4 32. Nd2 c5 33. Nxe4 Rxe4
34. dxc5 Nxc5 35. Qd5+ Qxd5 36. Nxd5 Rf8 37. Rd1 Kf7 38. Nc3 Re7 39. b4 Ne6 40.
Nb5 Ng5 41. Nd6+ Ke6 42. Kg2 Rd8 43. Rc6 Kd7 44. Nxf5+ Kxc6 45. Nxe7+ Kc7 46.
Rxd8 1-0

[Event "Unna Open 2023"]
[Site "Unna"]
[Date "2023.12.27"]
[Round "2.26"]
[White "Wichtrup, Jan-Louis"]
[Black "Alnajmi, Mustafa"]
[Result "1-0"]
[WhiteElo "2105"]
[BlackElo "1608"]
[PlyCount "53"]
[EventDate "2023.12.??"]
[EventType "swiss"]
[EventRounds "7"]
[EventCountry "GER"]
[Tiebreak "Progressive score"]
[SourceVersionDate "2023.12.27"]

1. c4 c6 2. d4 d5 3. cxd5 cxd5 4. Bf4 Nc6 5. e3 Bf5 6. Nc3 a6 7. Qb3 e6 8. Qxb7
Nb4 9. Nb5 Nc2+ 10. Kd1 Be7 11. Nc7+ Kf8 12. Qxa8 Qxa8 13. Nxa8 Nxa1 14. Bxa6
g5 15. Bc7 g4 16. Ne2 Nf6 17. Ng3 Bg6 18. Ke2 Nc2 19. a3 Kg7 20. Nb6 h5 21. Be5
h4 22. Nf1 Kh6 23. Nd2 Kg5 24. Bd3 Bd8 25. Nd7 Be7 26. f4+ Kh5 27. Bxf6 1-0

[Event "Unna Open 2023"]
[Site "Unna"]
[Date "2023.12.27"]
[Round "2.27"]
[White "Dimitriadis, Elias"]
[Black "Georg, Felix"]
[Result "0-1"]
[WhiteElo "1540"]
[BlackElo "2051"]
[PlyCount "76"]
[EventDate "2023.12.??"]
[EventType "swiss"]
[EventRounds "7"]
[EventCountry "GER"]
[Tiebreak "Progressive score"]
[SourceVersionDate "2023.12.27"]

1. e4 Nc6 2. d4 e5 3. Nf3 exd4 4. Nxd4 Nf6 5. Nc3 Bb4 6. Nxc6 bxc6 7. Bd3 O-O
8. Bg5 h6 9. Bh4 Re8 10. O-O Be7 11. e5 Nd5 12. Bxe7 Qxe7 13. Nxd5 cxd5 14. Re1
Rb8 15. b3 Qg5 16. Qc1 Qxc1 17. Raxc1 Rb6 18. c4 Ba6 19. c5 Rbe6 20. Bxa6 Rxa6
21. Rc2 Rae6 22. f4 f6 23. Rce2 Kf7 24. Kf2 fxe5 25. fxe5 R6e7 26. g4 Ke6 27.
Kg3 Rf7 28. b4 Ref8 29. Re3 Rf2 30. Ra3 c6 31. Ree3 d4 32. Red3 Kxe5 33. Rxa7
Ke4 34. Raa3 g5 35. h3 Re2 36. Rd1 Rff2 37. Rg1 d3 38. Rb3 Rf3# 0-1

[Event "Unna Open 2023"]
[Site "Unna"]
[Date "2023.12.27"]
[Round "2.28"]
[White "Wenning, Niels"]
[Black "Pennekamp, Christoph"]
[Result "1-0"]
[WhiteElo "1914"]
[BlackElo "1476"]
[Annotator "Medger,Gernot"]
[PlyCount "97"]
[EventDate "2023.12.??"]
[EventType "swiss"]
[EventRounds "7"]
[EventCountry "GER"]
[Tiebreak "Progressive score"]
[SourceVersionDate "2023.12.27"]

1. e4 c6 2. Nc3 d5 3. Nf3 Bg4 4. h3 Bxf3 5. Qxf3 e6 6. Be2 Bd6 7. d4 dxe4 8.
Nxe4 Be7 9. c3 Nd7 10. Qg3 Kf8 11. Bf4 Ngf6 12. Nxf6 Nxf6 13. O-O-O Qa5 14. Kb1
Nh5 15. Bxh5 Qxh5 16. Ka1 Qd5 17. Rhe1 b5 18. Re5 Qd8 19. Re3 Bh4 20. Qf3 Qd5
$11 21. Qxd5 cxd5 22. Bd6+ Ke8 23. g3 Kd7 24. Bc5 Be7 25. Bxe7 Kxe7 26. f4 Kd6
27. g4 Rae8 28. Rde1 Re7 29. Kb1 Rhe8 30. Kc2 a5 31. Kd3 f6 32. R3e2 e5 33.
fxe5+ fxe5 34. dxe5+ Rxe5 35. Rxe5 Rxe5 36. Rf1 Re7 37. Rf8 Kc6 38. Rc8+ Rc7
39. Rd8 Rd7 40. Rc8+ Rc7 41. Rg8 Kc5 42. Ra8 a4 43. Rb8 Rf7 44. Rc8+ Kd6 45.
Rd8+ Rd7 46. Rb8 Kc6 47. Kd4 Rb7 48. Rxb7 Kxb7 49. Kxd5 1-0

[Event "Unna Open 2023"]
[Site "Unna"]
[Date "2023.12.27"]
[Round "2.29"]
[White "Siebert, Michael"]
[Black "Meier, Jan"]
[Result "0-1"]
[WhiteElo "1473"]
[BlackElo "1856"]
[PlyCount "50"]
[EventDate "2023.12.??"]
[EventType "swiss"]
[EventRounds "7"]
[EventCountry "GER"]
[Tiebreak "Progressive score"]
[SourceVersionDate "2023.12.27"]

1. c4 c5 2. g3 g6 3. Bg2 Bg7 4. Nc3 Nc6 5. Nf3 Nf6 6. O-O O-O 7. a3 Rb8 8. Rb1
d5 9. cxd5 Nxd5 10. Nxd5 Qxd5 11. d3 Qd6 12. Bd2 e5 13. Bc3 b5 14. b4 cxb4 15.
axb4 Rd8 16. Nd2 Bb7 17. Ne4 Qe7 18. Nc5 Ba8 19. e3 a5 20. Re1 axb4 21. Bxc6
bxc3 22. Bxa8 Qxc5 23. d4 exd4 24. exd4 Bxd4 25. Re2 Bxf2+ 0-1

[Event "Unna Open 2023"]
[Site "Unna"]
[Date "2023.12.27"]
[Round "2.30"]
[White "Freiknecht, Holger"]
[Black "Kasnatschenko, Ilayda"]
[Result "1/2-1/2"]
[WhiteElo "1828"]
[BlackElo "1242"]
[Annotator "Medger,Gernot"]
[PlyCount "35"]
[EventDate "2023.12.??"]
[EventType "swiss"]
[EventRounds "7"]
[EventCountry "GER"]
[Tiebreak "Progressive score"]
[SourceVersionDate "2023.12.27"]

1. e4 e5 2. Nf3 Nf6 3. Nxe5 d6 4. Nf3 Nxe4 5. Nc3 Nxc3 6. dxc3 Nc6 7. Be3 Be7
8. Qd2 Be6 9. O-O-O Ne5 10. Nxe5 dxe5 11. Bd3 Bf6 12. Be4 Qxd2+ 13. Rxd2 c6 14.
Rhd1 O-O 15. b3 a6 16. Kb2 Rac8 17. Bc5 Rfd8 18. c4 $11 1/2-1/2

[Event "Unna Open 2023"]
[Site "Unna"]
[Date "2023.12.27"]
[Round "2.31"]
[White "Küsgen, Dirk"]
[Black "Dolheimer, Peter"]
[Result "1-0"]
[WhiteElo "1805"]
[BlackElo "1253"]
[PlyCount "111"]
[EventDate "2023.12.??"]
[EventType "swiss"]
[EventRounds "7"]
[EventCountry "GER"]
[Tiebreak "Progressive score"]
[SourceVersionDate "2023.12.27"]

1. e4 e5 2. Nf3 Nc6 3. d4 exd4 4. Bc4 h6 5. Nxd4 Ne5 6. Bb3 Bc5 7. O-O Nf6 8.
Nc3 d6 9. h3 Bd7 10. Re1 Qc8 11. Kh2 Bxd4 12. Qxd4 Bxh3 13. Ba4+ Bd7 14. f4
Neg4+ 15. Kg1 O-O 16. e5 Re8 17. Bd2 dxe5 18. fxe5 c5 19. Bxd7 Qxd7 20. Qxd7
Nxd7 21. Nb5 Re6 22. Nc7 Rae8 23. Nxe6 fxe6 24. Bc3 b5 25. b3 Nb6 26. Bb2 Nd5
27. c4 bxc4 28. bxc4 Nb4 29. Re2 Nd3 30. Bc3 h5 31. Rd1 Nf4 32. Re4 Ng6 33. Rd7
Rb8 34. Re1 Rf8 35. Rxa7 Rf2 36. Rb7 Rxa2 37. Bb2 Nf4 38. Ra1 Rxa1+ 39. Bxa1
Nd3 40. Re7 Ngxe5 41. Bxe5 Nxe5 42. Rxe6 Nxc4 43. Rc6 g6 44. Rxg6+ Kf7 45. Rg5
Kf6 46. Rxc5 Ne5 47. Kh2 Ng4+ 48. Kg3 Kg6 49. Kh4 Nf6 50. Rc6 Kf5 51. Rxf6+
Kxf6 52. Kxh5 Kg7 53. Kg5 Kg8 54. Kg6 Kh8 55. g4 Kg8 56. g5 1-0

[Event "Unna Open 2023"]
[Site "Unna"]
[Date "2023.12.27"]
[Round "2.32"]
[White "Arnoldi, Ekkehard"]
[Black "Dubinker, Philipp"]
[Result "0-1"]
[WhiteElo "1435"]
[BlackElo "1793"]
[Annotator "Medger,Gernot"]
[PlyCount "78"]
[EventDate "2023.12.??"]
[EventType "swiss"]
[EventRounds "7"]
[EventCountry "GER"]
[Tiebreak "Progressive score"]
[SourceVersionDate "2023.12.27"]

1. d4 Nf6 2. Bf4 e6 3. e3 c5 4. Nf3 b6 5. c3 Bb7 6. Bd3 cxd4 7. exd4 d6 8. O-O
Be7 9. Nbd2 O-O 10. Re1 Nbd7 11. Ne4 Nxe4 12. Bxe4 Bxe4 13. Rxe4 Nf6 14. Re2
Re8 15. Qc2 Rc8 16. h4 h6 17. Qd2 Bf8 18. Rae1 b5 19. Qd3 Qb6 20. Rxe6 Rxe6 21.
Rxe6 fxe6 22. Qg6 $11 Qb7 23. Bxh6 Qe4 24. Qg3 Qg4 25. Bf4 Qxg3 26. Bxg3 b4 27.
cxb4 Ng4 28. Bf4 Rc2 29. Be3 Nxe3 30. fxe3 Rxb2 31. a3 Rb3 32. Kf2 Rxa3 33. Ng5
Rb3 34. Nxe6 Rxb4 35. d5 a5 36. Nd8 a4 37. g3 a3 38. Nc6 Rb2+ 39. Kf3 a2 0-1

[Event "Unna Open 2023"]
[Site "Unna"]
[Date "2023.12.27"]
[Round "2.34"]
[White "Weiner, Timon Liam"]
[Black "Tkachuk, Sergiy"]
[Result "0-1"]
[WhiteElo "1270"]
[BlackElo "2236"]
[PlyCount "104"]
[EventDate "2023.12.??"]
[EventType "swiss"]
[EventRounds "7"]
[EventCountry "GER"]
[Tiebreak "Progressive score"]
[SourceVersionDate "2023.12.27"]

1. e4 c5 2. c3 g6 3. d4 cxd4 4. cxd4 d5 5. exd5 Nf6 6. Bb5+ Nbd7 7. Nc3 Bg7 8.
Nf3 O-O 9. O-O Nb6 10. Qb3 Nbxd5 11. Nxd5 Nxd5 12. Be3 h6 13. Bc4 Nb6 14. Rfd1
Nxc4 15. Qxc4 Bg4 16. Qe2 Qd5 17. Bf4 e6 18. h3 Bxf3 19. Qxf3 Qxf3 20. gxf3
Rfd8 21. Be5 Rac8 22. Rac1 Bxe5 23. Rxc8 Rxc8 24. dxe5 Rc2 25. Rb1 Re2 26. f4
Re4 27. Rc1 Rxf4 28. Rc8+ Kg7 29. Rc7 Rb4 30. b3 g5 31. f3 a5 32. Kf2 a4 33.
Rc4 Rxc4 34. bxc4 Kg6 35. Kg2 Kf5 36. Kg3 Kxe5 37. Kg4 Kf6 38. a3 Kg6 39. c5
f5+ 40. Kg3 Kf6 41. h4 Ke5 42. h5 Kd5 43. f4 g4 44. Kf2 Kxc5 45. Kg3 Kd4 46.
Kf2 Ke4 47. Kg3 b5 48. Kh4 b4 49. axb4 a3 50. b5 a2 51. b6 a1=Q 52. b7 Qe1# 0-1

[Event "Unna Open 2023"]
[Site "Unna"]
[Date "2023.12.27"]
[Round "2.35"]
[White "Feldhaus, Thomas"]
[Black "Fischer, Jürgen"]
[Result "1-0"]
[WhiteElo "1849"]
[BlackElo "1372"]
[PlyCount "85"]
[EventDate "2023.12.??"]
[EventType "swiss"]
[EventRounds "7"]
[EventCountry "GER"]
[Tiebreak "Progressive score"]
[SourceVersionDate "2023.12.27"]

1. e4 c5 2. d3 Nc6 3. g3 d6 4. Bg2 Nf6 5. f4 e5 6. Nf3 Be7 7. O-O O-O 8. f5 Qc7
9. h3 Bd7 10. g4 Ne8 11. Nc3 Nf6 12. g5 Nh5 13. Nd5 Qd8 14. Nxe7+ Qxe7 15. Nxe5
Qxe5 16. Qxh5 g6 17. fxg6 fxg6 18. Qh4 Nd4 19. Rf2 Ne6 20. c3 b6 21. Be3 Rxf2
22. Bxf2 Rf8 23. Bg3 Nf4 24. Rf1 Ne2+ 25. Kh2 Nxg3 26. Qxg3 Qxg3+ 27. Kxg3 Rxf1
28. Bxf1 Kf7 29. d4 Ke6 30. Bc4+ Ke7 31. h4 Kf8 32. Kf4 Kg7 33. e5 dxe5+ 34.
Kxe5 h6 35. Be6 Bxe6 36. Kxe6 cxd4 37. cxd4 hxg5 38. hxg5 b5 39. b4 a6 40. d5
Kf8 41. d6 Ke8 42. d7+ Kd8 43. a3 1-0

[Event "Unna Open 2023"]
[Site "Unna"]
[Date "2023.12.27"]
[Round "2.36"]
[White "Stammen, York Magnus"]
[Black "Barskij, Aleksandr"]
[Result "1/2-1/2"]
[WhiteElo "1355"]
[BlackElo "1805"]
[Annotator "Medger,Gernot"]
[PlyCount "108"]
[EventDate "2023.12.??"]
[EventType "swiss"]
[EventRounds "7"]
[EventCountry "GER"]
[Tiebreak "Progressive score"]
[SourceVersionDate "2023.12.27"]

1. Nf3 Nf6 2. g3 g6 3. Bg2 Bg7 4. O-O d5 5. d4 O-O 6. c4 Nc6 7. cxd5 Nxd5 8. e4
Nb6 9. d5 Na5 10. Nc3 c6 11. Re1 cxd5 12. exd5 Nac4 13. Nd2 Nd6 14. Nf3 Nbc4
15. h3 e5 16. Nd2 $11 Nxd2 17. Qxd2 f5 18. b3 Qa5 19. Bb2 Bd7 20. Ne4 Qxd2 21.
Nxd2 e4 22. Bxg7 Kxg7 23. f3 exf3 24. Re7+ Rf7 25. Rxf7+ Kxf7 26. Nxf3 Kf6 27.
Rc1 $11 Rc8 28. Rxc8 Bxc8 29. Nd2 Ke5 30. Kf2 Kd4 31. Nf3+ Kc3 32. Ke3 h6 33.
Kf4 Nf7 34. Ke3 g5 35. Bf1 Bd7 36. Bc4 b5 37. Be2 b4 38. Bd1 Bb5 39. h4 Bd3 40.
Be2 f4+ 41. gxf4 gxf4+ 42. Kf2 Be4 43. Bc4 a5 44. Ke2 Bb1 45. Nd2 f3+ 46. Nxf3
$11 Bxa2 47. Nd2 Nd6 48. Ke3 Kb2 49. Kd4 Kc2 50. Kc5 Nf7 51. Nf3 Kc3 52. Nd4
Ne5 53. Nb5+ Kc2 54. Nd4+ Kc3 $11 1/2-1/2

[Event "Unna Open 2023"]
[Site "Unna"]
[Date "2023.12.27"]
[Round "2.37"]
[White "Reinacher, Detlev"]
[Black "Bintig, Til"]
[Result "1-0"]
[WhiteElo "1625"]
[BlackElo "1322"]
[PlyCount "73"]
[EventDate "2023.12.??"]
[EventType "swiss"]
[EventRounds "7"]
[EventCountry "GER"]
[Tiebreak "Progressive score"]
[SourceVersionDate "2023.12.27"]

1. e4 e5 2. d3 Bc5 3. g3 Nf6 4. Bg2 Nc6 5. Nf3 d6 6. c3 O-O 7. O-O Bg4 8. Nbd2
a5 9. b3 d5 10. Qc2 d4 11. c4 Nb4 12. Qb1 Re8 13. a3 Nc6 14. h3 Bd7 15. Re1 Qc8
16. Kh2 Rb8 17. Nf1 h6 18. g4 Nh7 19. Ng3 f6 20. Nh4 Ne7 21. Nhf5 Nxf5 22. exf5
b5 23. Ne4 Be7 24. c5 c6 25. b4 a4 26. f4 Qc7 27. Rf1 Rbc8 28. Bd2 Kh8 29. Rf2
Nf8 30. fxe5 fxe5 31. f6 Bd8 32. fxg7+ Kxg7 33. Nd6 Bh4 34. Rf7+ Kg8 35. Bxh6
Ng6 36. Rg7+ Kh8 37. Nf7# 1-0

[Event "Unna Open 2023"]
[Site "Unna"]
[Date "2023.12.27"]
[Round "2.38"]
[White "Le, Elias"]
[Black "Konrad, Alechander"]
[Result "1-0"]
[WhiteElo "1317"]
[BlackElo "1625"]
[PlyCount "43"]
[EventDate "2023.12.??"]
[EventType "swiss"]
[EventRounds "7"]
[EventCountry "GER"]
[Tiebreak "Progressive score"]
[SourceVersionDate "2023.12.27"]

1. e4 c5 2. Nf3 Nc6 3. d4 cxd4 4. Nxd4 d6 5. Nc3 Nf6 6. Be3 e5 7. Nb3 Be7 8.
Be2 O-O 9. O-O Be6 10. f4 a6 11. f5 Bxb3 12. cxb3 b5 13. Bf3 Rc8 14. Rc1 Qa5
15. a3 Rfd8 16. Nd5 Nxd5 17. Qxd5 Nb8 18. Bh5 Rxc1 19. Qxf7+ Kh8 20. Rxc1 Bf6
21. b4 Qa4 22. Bd1 1-0

[Event "Unna Open 2023"]
[Site "Unna"]
[Date "2023.12.27"]
[Round "2.39"]
[White "Knetsch, Alfred"]
[Black "Ait Khouya, Muhammad"]
[Result "1-0"]
[WhiteElo "1581"]
[BlackElo "1298"]
[PlyCount "51"]
[EventDate "2023.12.??"]
[EventType "swiss"]
[EventRounds "7"]
[EventCountry "GER"]
[Tiebreak "Progressive score"]
[SourceVersionDate "2023.12.27"]

1. e4 e5 2. Nc3 Nc6 3. Bc4 Nf6 4. d3 Bc5 5. Bg5 d6 6. h3 h6 7. Bh4 Be6 8. Nge2
Bb4 9. a3 Ba5 10. O-O Bxc4 11. dxc4 a6 12. Nd5 g5 13. Bg3 Nxe4 14. b4 Bb6 15.
Nxb6 cxb6 16. Qd5 Nf6 17. Qf3 h5 18. Rad1 g4 19. Qf5 gxh3 20. Qxh3 Ne4 21. b5
Nxg3 22. Qxg3 h4 23. Qg7 Kd7 24. bxc6+ bxc6 25. Qxe5 Kc7 26. Qf5 1-0

[Event "Unna Open 2023"]
[Site "Unna"]
[Date "2023.12.27"]
[Round "2.40"]
[White "Jacob, Phil"]
[Black "Scholtyßek, Normann"]
[Result "1-0"]
[WhiteElo "1279"]
[BlackElo "1559"]
[PlyCount "57"]
[EventDate "2023.12.??"]
[EventType "swiss"]
[EventRounds "7"]
[EventCountry "GER"]
[Tiebreak "Progressive score"]
[SourceVersionDate "2023.12.27"]

1. b3 d5 2. Bb2 c5 3. e3 Nf6 4. Nf3 a6 5. Be2 Nc6 6. O-O Bf5 7. d3 e6 8. Nbd2
Bd6 9. c4 O-O 10. Nh4 Bg6 11. Nxg6 hxg6 12. Nf3 d4 13. exd4 Nxd4 14. Nxd4 cxd4
15. Bxd4 Bxh2+ 16. Kxh2 Qxd4 17. g3 Rac8 18. Kg2 Rc5 19. Rh1 Rf5 20. Qg1 Ng4
21. Rf1 g5 22. Bxg4 Ra5 23. Qh2 f5 24. Qh7+ Kf7 25. Bh5+ Ke7 26. Ra1 g4 27.
Rhe1 f4 28. Qg6 f3+ 29. Kg1 1-0

[Event "Unna Open 2023"]
[Site "Unna"]
[Date "2023.12.27"]
[Round "2.41"]
[White "Stein, Wolfgang"]
[Black "Lohkämper, Thomas"]
[Result "1/2-1/2"]
[WhiteElo "1261"]
[BlackElo "1550"]
[PlyCount "56"]
[EventDate "2023.12.??"]
[EventType "swiss"]
[EventRounds "7"]
[EventCountry "GER"]
[Tiebreak "Progressive score"]
[SourceVersionDate "2023.12.27"]

1. d4 Nf6 2. Nf3 d5 3. c4 c6 4. e3 Bf5 5. Nbd2 e6 6. a3 Be7 7. b3 O-O 8. Be2
Nbd7 9. Nh4 Ne4 10. Nxf5 exf5 11. Bb2 Bd6 12. O-O Qc7 13. f4 Rae8 14. cxd5 cxd5
15. Rc1 Qd8 16. Bd3 Ndf6 17. Qe2 Nxd2 18. Qxd2 g6 19. h3 Qe7 20. b4 Qxe3+ 21.
Qxe3 Rxe3 22. Rc3 Ne4 23. Bc1 Nxc3 24. Bxe3 Re8 25. Kf2 Ne4+ 26. Kf3 Rc8 27.
Rc1 Rxc1 28. Bxc1 a6 1/2-1/2

[Event "Unna Open 2023"]
[Site "Unna"]
[Date "2023.12.27"]
[Round "2.42"]
[White "Pollok, Jörg"]
[Black "Krolik, Wilfried"]
[Result "0-1"]
[WhiteElo "1251"]
[BlackElo "1545"]
[PlyCount "78"]
[EventDate "2023.12.??"]
[EventType "swiss"]
[EventRounds "7"]
[EventCountry "GER"]
[Tiebreak "Progressive score"]
[SourceVersionDate "2023.12.27"]

1. Nf3 Nf6 2. e3 d5 3. c4 c6 4. d4 Bg4 5. h3 Bf5 6. Nc3 dxc4 7. Bxc4 e6 8. Be2
Nbd7 9. b3 Bb4 10. Bb2 Nd5 11. Qc2 Bg6 12. Bd3 Qa5 13. Rc1 Bxd3 14. Qxd3 Qxa2
15. Qc2 Bxc3+ 16. Bxc3 Qxc2 17. Rxc2 Nxc3 18. Rxc3 f6 19. Ke2 Ke7 20. Nd2 Nb6
21. e4 Rhd8 22. Ke3 Rd7 23. f4 Rad8 24. Nf3 f5 25. g4 fxe4 26. Kxe4 Nd5 27. Rc4
Rf8 28. f5 exf5+ 29. gxf5 Kd8 30. Ng5 Nf6+ 31. Kd3 Kc8 32. Ne6 Re8 33. Rg1 Nh5
34. Rg5 g6 35. Nc5 Nf4+ 36. Kc3 Rf7 37. fxg6 hxg6 38. Re5 Ref8 39. h4 b5 0-1

[Event "Unna Open 2023"]
[Site "Unna"]
[Date "2023.12.27"]
[Round "2.43"]
[White "Cassel, Silas"]
[Black "Soppe, Victoria"]
[Result "0-1"]
[WhiteElo "1545"]
[BlackElo "1275"]
[PlyCount "108"]
[EventDate "2023.12.??"]
[EventType "swiss"]
[EventRounds "7"]
[EventCountry "GER"]
[Tiebreak "Progressive score"]
[SourceVersionDate "2023.12.27"]

1. d4 d5 2. Nf3 Nc6 3. Bf4 Bf5 4. c3 Nf6 5. e3 e6 6. Bb5 Bd6 7. Nbd2 O-O 8. Nh4
Bxf4 9. exf4 Ne4 10. Nxf5 exf5 11. Nf3 a6 12. Bxc6 bxc6 13. O-O f6 14. c4 dxc4
15. Qc2 Qd5 16. Rac1 c5 17. Rfd1 Rfd8 18. Qxc4 Qxc4 19. Rxc4 Rab8 20. b3 Rb4
21. Rxb4 cxb4 22. Rc1 Nc3 23. Kf1 Rd7 24. a3 a5 25. axb4 axb4 26. Ra1 Nb5 27.
Rd1 c5 28. d5 Nc3 29. Rd2 Nxd5 30. g3 Nb6 31. Rxd7 Nxd7 32. Ke2 Nb6 33. Kd3 Kf7
34. Nd2 Ke6 35. f3 g5 36. fxg5 fxg5 37. Nf1 Ke5 38. Nd2 Kd5 39. h4 h6 40. hxg5
hxg5 41. f4 g4 42. Nf1 c4+ 43. bxc4+ Nxc4 44. Kc2 Kc5 45. Kd3 b3 46. Kc3 b2 47.
Kc2 Kd4 48. Nh2 Ke3 49. Nxg4+ fxg4 50. f5 Ne5 51. Kxb2 Kf3 52. Kc3 Kxg3 53. Kd4
Kf4 54. f6 g3 0-1

[Event "Unna Open 2023"]
[Site "Unna"]
[Date "2023.12.27"]
[Round "2.44"]
[White "Vollenberg, Jörg"]
[Black "Mallek, Peter"]
[Result "1-0"]
[WhiteElo "1543"]
[BlackElo "1190"]
[PlyCount "63"]
[EventDate "2023.12.??"]
[EventType "swiss"]
[EventRounds "7"]
[EventCountry "GER"]
[Tiebreak "Progressive score"]
[SourceVersionDate "2023.12.27"]

1. d4 d5 2. Nc3 Nf6 3. Bf4 c6 4. e3 Bf5 5. Bd3 Bxd3 6. cxd3 e6 7. Nge2 Bd6 8.
Bg5 Nbd7 9. O-O O-O 10. e4 dxe4 11. dxe4 e5 12. dxe5 Nxe5 13. f4 Nc4 14. Rf3
Bc5+ 15. Kh1 Qxd1+ 16. Rxd1 Rad8 17. Rxd8 Rxd8 18. e5 Nxb2 19. h3 h6 20. Bh4
Nd1 21. exf6 Nxc3 22. Nxc3 gxf6 23. Bxf6 Rd6 24. Be7 Rd1+ 25. Nxd1 Bxe7 26. Ne3
b5 27. Nf5 Bf8 28. Rd3 Kh7 29. Rd7 Kg6 30. Ne7+ Bxe7 31. Rxe7 a5 32. Rc7 1-0

[Event "Unna Open 2023"]
[Site "Unna"]
[Date "2023.12.27"]
[Round "2.45"]
[White "Krüger, Elias Jordan"]
[Black "Deno, Thomas"]
[Result "0-1"]
[WhiteElo "1183"]
[BlackElo "1542"]
[PlyCount "56"]
[EventDate "2023.12.??"]
[EventType "swiss"]
[EventRounds "7"]
[EventCountry "GER"]
[Tiebreak "Progressive score"]
[SourceVersionDate "2023.12.27"]

1. e4 g6 2. Nf3 Bg7 3. Nc3 d6 4. Bc4 Nd7 5. d3 Ngf6 6. h3 e5 7. Ne2 O-O 8. c3
h6 9. Be3 c6 10. Qd2 Kh7 11. Ng3 b5 12. Bb3 Nc5 13. Bxc5 dxc5 14. Nxe5 Qc7 15.
Nf3 Rd8 16. c4 b4 17. Qe3 Qe7 18. Ba4 Bb7 19. b3 Nd7 20. Rd1 Bc3+ 21. Nd2 Ne5
22. O-O Rxd3 23. Qe2 Rad8 24. f4 Rxd2 25. Rxd2 Rxd2 26. Qxd2 Bxd2 27. fxe5 Qc7
28. Kh2 Qxe5 0-1

[Event "Unna Open 2023"]
[Site "Unna"]
[Date "2023.12.27"]
[Round "2.46"]
[White "Ploeger, Marc Andre"]
[Black "Otuk, Yusuf Miralay"]
[Result "1-0"]
[WhiteElo "1523"]
[BlackElo "1113"]
[PlyCount "109"]
[EventDate "2023.12.??"]
[EventType "swiss"]
[EventRounds "7"]
[EventCountry "GER"]
[Tiebreak "Progressive score"]
[SourceVersionDate "2023.12.27"]

1. e4 e6 2. d4 d5 3. exd5 exd5 4. Nf3 Bg4 5. Bd3 Bd6 6. O-O Ne7 7. c3 c6 8.
Nbd2 Qc7 9. Qc2 Nd7 10. h3 Bh5 11. a4 h6 12. Nh4 O-O-O 13. Nb3 c5 14. dxc5 Nxc5
15. Nxc5 Bxc5 16. b4 Bd6 17. Be3 Kb8 18. Rac1 g5 19. Nf5 Nxf5 20. Bxf5 f6 21.
b5 Bc5 22. Bd4 Qd6 23. Qd3 Bb6 24. Bxb6 Qxb6 25. Rfe1 Rhe8 26. Rxe8 Bxe8 27.
Re1 Qd6 28. Re6 Qf8 29. Qd4 Rd6 30. Re3 Bd7 31. Bxd7 Rxd7 32. Re6 f5 33. Qe5+
Kc8 34. Re8+ Qxe8 35. Qxe8+ Kc7 36. Qe5+ Kb6 37. Qxf5 Rc7 38. Qe5 Rc4 39. Qxd5
Rxa4 40. c4 a5 41. Qd8+ Kc5 42. Qc7+ Kb4 43. b6 g4 44. Qxb7 g3 45. fxg3 h5 46.
Qc6 Ra1+ 47. Kh2 h4 48. b7 hxg3+ 49. Kxg3 Ra3+ 50. Kh2 a4 51. b8=Q+ Kc3 52.
Qf3+ Kc2 53. Qxa3 Kd1 54. Qa2 Kc1 55. Qbb1# 1-0

[Event "Unna Open 2023"]
[Site "Unna"]
[Date "2023.12.27"]
[Round "2.47"]
[White "Demirörs, Emre"]
[Black "Scholtyßek, Norbert"]
[Result "0-1"]
[WhiteElo "1162"]
[BlackElo "1497"]
[PlyCount "24"]
[EventDate "2023.12.??"]
[EventType "swiss"]
[EventRounds "7"]
[EventCountry "GER"]
[Tiebreak "Progressive score"]
[SourceVersionDate "2023.12.27"]

1. e4 d5 2. exd5 Qxd5 3. Nc3 Qa5 4. d4 c6 5. Nf3 Nf6 6. Be2 Bf5 7. O-O e6 8.
Re1 Nbd7 9. Bd3 Bg6 10. Bf4 Bb4 11. Qd2 Nd5 12. Bxg6 hxg6 0-1

[Event "Unna Open 2023"]
[Site "Unna"]
[Date "2023.12.27"]
[Round "2.48"]
[White "Buchhop, Rainer"]
[Black "Leufert, Nils Florian"]
[Result "1-0"]
[WhiteElo "1493"]
[BlackElo "981"]
[PlyCount "49"]
[EventDate "2023.12.??"]
[EventType "swiss"]
[EventRounds "7"]
[EventCountry "GER"]
[Tiebreak "Progressive score"]
[SourceVersionDate "2023.12.27"]

1. Nf3 e6 2. c4 d5 3. b3 dxc4 4. bxc4 Nf6 5. Bb2 Nc6 6. g3 Bc5 7. Bg2 O-O 8.
O-O a6 9. e3 b5 10. cxb5 axb5 11. d4 Bd6 12. Ne5 Bxe5 13. Bxc6 Rb8 14. dxe5
Qxd1 15. Rxd1 Ng4 16. Nd2 Rb6 17. Bg2 Bb7 18. h3 Nh6 19. Ne4 f5 20. exf6 g6 21.
Rd7 Rf7 22. Rad1 Rxd7 23. Rxd7 Nf7 24. Rxc7 h5 25. Bd4 1-0